01195nam a2200313Ia 450000500170000000700030001700800410002002000180006104000350007904100080011408200190012210000420014124501550018325000220033826400460036030000250040633600270043133700330045833800280049149000110051950400390053052100420056954500580061165000550066965000590072465000300078365000290081370000390084220220317001618.0ta210823s2008 ck er 000 0dspa d a9789584432421 aCO-BoRNBPbspaerdacCO-BoRNBP0 aspa04aH868bF27n2221 aFernández Durán, Mercedeseautora10aNovela y dictadores en América Latinabla identidad en ficción, pensamiento y formacMercedes Fernández Durán ; prólogo Felipe Zuleta Lleras aPrimera edición 1aBogotábTaller de Edición Roccac2008 a367 páginasc21 cm atextobtxt2rdacontent asin mediaciónbn2rdamedia avolumenbnc2rdacarrier0 aEnsayo a Bibliografía: páginas 343-367 aRecomendado para un público adulto  aIncluye datos biográficos de la autora en la solapa17aNovela latinoamericanaxHistoria y crítica2LEMB17aLiteratura latinoamericanaxHistoria y crítica2LEMB17aDictadoresvNovela 2LEMB17aIdentidadvNovela 2LEMB1 aZuleta Lleras, Felipeeprologuista